Statistics for Top 20 Largest Cities in Asia

Click here to take the quiz!

General Stats

  • This quiz has been taken 773 times
  • The average score is 14 of 20

Answer Stats

RankPopulationAnswer% Correct
98,762,073Tokyo
95%
127,923,530Beijing
92%
116,348,947Shanghai
89%
412,565,901Delhi
88%
213,830,884Mumbai
88%
108,431,302Jakarta
83%
89,567,665Seoul
80%
145,831,835Bangkok
78%
611,248,470Manila
74%
313,205,339Karachi
69%
185,138,208Kolkata
69%
118,429,807Tehran
66%
155,560,904Singapore
64%
710,861,172Dhaka
61%
512,175,592Istanbul
61%
175,402,486Baghdad
51%
137,129,609Lahore
49%
204,878,473Riyadh
49%
165,438,065Bangalore
47%
195,032,190Yangon
25%

Score Distribution

Percentile by Number Answered

Percent of People with Each Score

Your Score History

You have not taken this quiz